Fr. Conceicao Rodrigues College of Engineering

Microcomputer systems Design (Record no. 32867)

MARC details
000 -LEADER
fixed length control field 00311nam a2200145Ia 4500
082 ## - DEWEY DECIMAL CLASSIFICATION NUMBER
Classification number 4.25
Item number PIN/PAN
100 ## - MAIN ENTRY--PERSONAL NAME
Personal name Pinge/ Sampada
245 ## - TITLE STATEMENT
Title Microcomputer systems Design
260 ## - PUBLICATION, DISTRIBUTION, ETC.
Name of publisher, distributor, etc. Nandu Pub
Place of publication, distribution, etc. New Delhi
300 ## - PHYSICAL DESCRIPTION
Extent 286
546 ## - LANGUAGE NOTE
Language note ENGLISH
654 ## - SUBJECT ADDED ENTRY--FACETED TOPICAL TERMS
Focus term Microcomputer
942 ## - ADDED ENTRY ELEMENTS (KOHA)
Koha item type BOOK
Holdings
Withdrawn status Lost status Damaged status Not for loan Collection Home library Current library Date acquired Total Checkouts Full call number Barcode Date last seen Price effective from Koha item type
        CRC Fr. Agnel's C.Rodrigues College of Engineering Fr. Agnel's C.Rodrigues College of Engineering 17/03/2023   4.25 PIN/PAN 11047 17/03/2023 17/03/2023 BOOK